Aston Villa players (2000-2010) - Statistics

General Stats
  • This quiz has been taken 6 times
  • The average score is 24 of 94
Answer Stats
Rank Player Positions Nationality Matches Goals (assists) Period % Correct
1 Gareth Barry DM 301 38 (38) 2000-2009
80%
49 Richard Dunne CB 35 3 (0) 2009-2010
80%
11 Ashley Young RB 123 22 (28) 2006-2010
60%
23 Brad Friedel GK 76 0 (0) 2008-2010
60%
59 Carlton Cole ST 27 3 (0) 2004-2005
60%
6 Gabriel Agbonlahor ST 156 45 (19) 2005-2010
60%
15 James Milner CM 99 11 (22) 2005-2006, 2008-2010
60%
14 John Carew ST 103 37 (11) 2006-2010
60%
3 Juan Pablo Ángel ST 175 44 (9) 2000-2007
60%
37 Luke Young RB 50 1 (0) 2008-2010
60%
2 Olof Mellberg CB 232 8 (4) 2001-2008
60%
42 Peter Enckelman GK 42 0 (0) 2001-2003
60%
9 Stiliyan Petrov CM 131 4 (7) 2006-2010
60%
8 Thomas Sörensen GK 139 0 (0) 2003-2007
60%
36 Curtis Davies CB 50 3 (1) 2007-2010
40%
40 Emile Heskey ST 45 5 (3) 2008-2010
40%
52 Gareth Southgate CB 31 2 (0) 2000-2001
40%
32 Ian Taylor CM 58 7 (1) 2000-2003
40%
60 James Collins CB 27 1 (0) 2009-2010
40%
5 Jlloyd Samuel LB 160 2 (5) 2000-2007
40%
4 Lee Hendrie CM 166 20 (10) 2000-2007
40%
10 Mark Delaney RB 128 1 (3) 2000-2006
40%
41 Milan Baros ST 42 9 (2) 2005-2007
40%
38 Nolberto Solano RM 49 8 (5) 2003-2006
40%
29 Paul Merson RM 59 8 (2) 2000-2002
40%
57 Peter Schmeichel GK 29 1 (0) 2001-2002
40%
62 Stewart Downing LM 25 2 (1) 2009-2010
40%
73 Stuart Taylor GK 12 0 (0) 2005-2008
40%
18 Ulises de la Cruz RB 89 1 (5) 2002-2006
40%
35 Aaron Hughes CB 54 0 (3) 2005-2007
20%
27 Alan Wright LB 69 1 (2) 2000-2003
20%
30 Alpay Özalan CB 58 1 (0) 2000-2004
20%
78 Bosko Balaban ST 8 0 (0) 2001-2002
20%
93 Brad Guzan GK 1 0 (0) 2008-2009
20%
28 Carlos Cuéllar CB 64 2 (3) 2008-2010
20%
79 Chris Sutton ST 8 1 (2) 2006-2007
20%
7 Darius Vassell ST 145 35 (9) 2000-2005
20%
51 David Ginola LW 32 3 (4) 2000-2002
20%
45 David James GK 38 0 (0) 2000-2001
20%
13 Dion Dublin ST 105 25 (5) 2000-2004
20%
80 Fabian Delph CM 8 0 (0) 2009-2010
20%
84 Gábor Király GK 5 0 (0) 2006-2007
20%
58 Gary Cahill CB 28 1 (0) 2005-2008
20%
12 Gavin McCann CM 110 3 (2) 2003-2007
20%
26 George Boateng DM 70 2 (0) 2000-2002
20%
82 Habib Beye RB 6 0 (0) 2009-2010
20%
65 Hassan Kachloul LM 22 2 (0) 2001-2002
20%
68 Isaiah Osbourne CM 19 0 (1) 2006-2008
20%
75 Joey Gudjónsson CM 11 2 (2) 2002-2003
20%
67 Julian Joachim ST 20 7 (0) 2000-2001
20%
64 Kevin Phillips ST 23 4 (2) 2005-2006
20%
21 Luke Moore ST 82 14 (2) 2003-2008
20%
88 Marc Albrighton RM 3 0 (0) 2009-2010
20%
47 Marcus Allbäck ST 35 6 (2) 2002-2004
20%
55 Marlon Harewood ST 29 5 (0) 2007-2009
20%
19 Martin Laursen CB 84 8 (4) 2004-2009
20%
86 Moustapha Salifou AM 4 0 (0) 2007-2008
20%
48 Mustapha Hadji AM 35 2 (2) 2001-2004
20%
25 Nigel Reo-Coker CM 72 1 (2) 2007-2010
20%
69 Øyvind Leonhardsen CM 19 3 (2) 2002-2003
20%
56 Patrik Berger AM 29 2 (4) 2005-2008
20%
46 Peter Crouch ST 37 6 (3) 2001-2004
20%
81 Rob Edwards CB 8 0 (0) 2002-2003
20%
39 Ronny Johnsen CB 49 1 (0) 2002-2004
20%
50 Scott Carson GK 35 0 (4) 2007-2008
20%
53 Shaun Maloney AM 30 5 (1) 2006-2008
20%
61 Stefan Moore ST 27 2 (0) 2002-2005
20%
54 Stephen Warnock LB 30 0 (3) 2009-2010
20%
17 Steven Davis CM 91 5 (1) 2004-2007
20%
24 Steve Staunton LB 73 0 (1) 2000-2003
20%
16 Thomas Hitzlsperger CM 99 8 (12) 2000-2005
20%
91 Ugo Ehiogu CB 2 0 (0) 2000-2001
20%
20 Wilfred Bouma LB 83 1 (2) 2005-2008
20%
44 Zat Knight CB 40 2 (1) 2007-2009
20%
94 Ciaran Clark CB 1 0 (0) 2009-2010
0%
31 Craig Gardner CM 58 5 (0) 2005-2010
0%
83 Didier Agathé RM 5 0 (0) 2006-2007
0%
70 Eirik Bakke CM 14 0 (0) 2005-2006
0%
74 Eric Djemba Djemba DM 11 0 (0) 2004-2007
0%
85 Gilles De Bilde ST 4 0 (0) 2000-2001
0%
90 John McGrath LM 2 0 (0) 2000-2001
0%
22 Liam Ridgewell CB 79 6 (2) 2003-2007
0%
87 Luc Nilis ST 3 1 (0) 2000-2001
0%
66 Mark Kinsella DM 21 0 (1) 2002-2004
0%
76 Mathieu Berson DM 11 0 (0) 2004-2005
0%
71 Nathan Delfouneso ST 13 1 (0) 2008-2010
0%
63 Nicky Shorey LB 24 0 (2) 2008-2010
0%
33 Peter Whittingham CM 56 1 (5) 2002-2007
0%
72 Phil Bardsley RB 13 0 (1) 2006-2007
0%
77 Stefan Postma GK 11 0 (0) 2002-2005
0%
89 Stephen Cooke RM 3 0 (0) 2002-2003
0%
43 Steve Sidwell CM 41 3 (2) 2008-2010
0%
34 Steve Stone RM 56 3 (0) 2000-2002
0%
92 Wayne Routledge LW 2 0 (0) 2007-2009
0%
No matching quizzes found
Score Distribution
Percent of People with Each Score
Percentile by Number Answered
Your Score History
You have not taken this quiz